[Event "Como Province-ch"]
[Site "Como"]
[Date "2012.01.21"]
[Round "1"]
[White "Cacia, Vincenzo"]
[Black "Falchi, Claudio"]
[Result "0-1"]
[WhiteElo "1392"]
[BlackElo "1777"]
[PlyCount "106"]
[EventDate "2012.01.21"]
[EventType "swiss"]
[EventRounds "6"]
[EventCountry "ITA"]
[SourceTitle "EXT 2024"]
[Source "ChessBase"]
[SourceDate "2023.10.10"]
[SourceVersion "1"]
[SourceVersionDate "2023.10.10"]
[SourceQuality "1"]

1. e4 e6 2. Bc4 d5 3. Bd3 dxe4 4. Bxe4 Nf6 5. d3 Nxe4 6. dxe4 Qxd1+ 7. Kxd1 e5 8. c3 Bc5 9. Ke2 Be6 10. Nf3 Bc4+ 11. Ke1 Nc6 12. b3 Be6 13. h3 f6 14. Ke2 0-0-0 15. Na3 Rd7 16. Nc4 Rhd8 17. Bd2 Bxc4+ 18. bxc4 Na5 19. Be3 Bxe3 20. Kxe3 Rd3+ 21. Ke2 Rxc3 22. Rhc1 Rxc4 23. Ke3 Ra4 24. Nd2 Ra3+ 25. Ke2 Rad3 26. Rc2 Nc6 27. Rac1 Ra3 28. Nb3 Rxb3 29. axb3 Nd4+ 30. Ke3 Nxc2+ 31. Rxc2 c6 32. Rc4 Kc7 33. g3 b5 34. Rc3 Kb6 35. f4 Rd4 36. g4 c5 37. g5 b4 38. Rc2 Kb5 39. h4 c4 40. bxc4+ Rxc4 41. Rb2 a5 42. f5 a4 43. g6 Rc3+ 44. Ke2 h6 45. Rd2 Rc7 46. Rd5+ Kc4 47. Kd2 Kb3 48. Rd3+ Kb2 49. Rd8 a3 50. Ra8 a2 51. h5 a1Q 52. Rxa1 Kxa1 53. Kd3 b3 0-1

[Event "Como Province-ch"]
[Site "Como"]
[Date "2009.01.25"]
[Round "4"]
[White "Boffi, Luigi"]
[Black "Cacia, Vincenzo"]
[Result "1-0"]
[WhiteElo "1624"]
[BlackElo "1434"]
[PlyCount "110"]
[EventDate "2009.01.24"]
[EventType "swiss"]
[EventRounds "6"]
[EventCountry "ITA"]
[SourceTitle "EXT 2011"]
[Source "ChessBase"]
[SourceDate "2010.11.26"]
[SourceVersion "1"]
[SourceVersionDate "2010.11.26"]
[SourceQuality "1"]

1. Nf3 Nc6 2. d4 d5 3. c4 e6 4. Nc3 Nf6 5. Bg5 Be7 6. e3 h6 7. Bh4 0-0 8. a3 Nh5 9. Bxe7 Nxe7 10. Be2 b6 11. cxd5 exd5 12. b4 a6 13. Rc1 Nf6 14. 0-0 Bd7 15. Qb3 Re8 16. a4 a5 17. b5 Rc8 18. Ne5 Ne4 19. Nxe4 dxe4 20. Nxf7 Be6 21. Qxe6 Qd5 22. Qxd5 Nxd5 23. Ne5 Kh7 24. Bg4 Rcd8 25. Bf5+ Kg8 26. Bxe4 Re7 27. Nc6 Ree8 28. Nxd8 Rxe4 29. Nc6 g5 30. Ne5 Kg7 31. Rc6 Kh7 32. h3 h5 33. Nf3 Re7 34. Nxg5+ Kg7 35. Nf3 Nb4 36. Rc4 Kg6 37. Rd1 Kf5 38. Ne5 Ke6 39. Nc6 Re8 40. Nxb4 axb4 41. Rxb4 Kd5 42. Rc1 Kd6 43. Rc6+ Kd7 44. Rbc4 Rc8 45. Rh6 Ke7 46. Rh7+ Kd8 47. Rh8+ Kd7 48. Rxc8 Kxc8 49. Rc6 h4 50. g4 Kb7 51. g5 Kc8 52. g6 Kb7 53. g7 Kc8 54. g8Q+ Kb7 55. Qg7 Ka8 1-0

[Event "Como Province-ch"]
[Site "Como"]
[Date "2006.02.12"]
[Round "2"]
[White "Ghelfi, Giancarlo"]
[Black "Cacia, Vincenzo"]
[Result "1-0"]
[WhiteElo "1628"]
[BlackElo "1434"]
[PlyCount "155"]
[EventDate "2006.02.11"]
[EventType "swiss"]
[EventRounds "6"]
[EventCountry "ITA"]
[SourceTitle "EXT 2024"]
[Source "ChessBase"]
[SourceDate "2023.10.10"]
[SourceVersion "1"]
[SourceVersionDate "2023.10.10"]
[SourceQuality "1"]

1. e4 e5 2. Nf3 Nc6 3. Bb5 Nge7 4. 0-0 d6 5. d4 exd4 6. Nxd4 Bd7 7. Nc3 a6 8. Nxc6 Nxc6 9. Bc4 Ne5 10. Be2 Be7 11. Bf4 0-0 12. Qd2 Bf6 13. Rad1 Re8 14. Nd5 Bc6 15. Rfe1 Nd7 16. Nxf6+ Qxf6 17. c3 Bxe4 18. f3 Bc6 19. a3 Nc5 20. Bc4 Qg6 21. Re3 Qf6 22. Bg5 Qg6 23. Bf4 h6 24. Rde1 Rad8 25. Qe2 Kf8 26. b4 b5 27. Bd5 Rxe3 28. Qxe3 Bxd5 29. Qe7+ Kg8 30. Qxd8+ Kh7 31. Bg3 Ne6 32. Qh4 Ng5 33. Rf1 Qf6 34. f4 Ne4 35. Qxf6 Nxf6 36. Rd1 Bc4 37. Rd4 Nd5 38. Be1 Kg6 39. Kf2 Kf5 40. Kf3 f6 41. g4+ Ke6 42. Ke4 Ne7 43. f5+ Kd7 44. h4 Nc6 45. Rd2 Ne5 46. Rb2 d5+ 47. Ke3 Nxg4+ 48. Kf4 Ne5 49. Ke3 Ke7 50. Bg3 Kd7 51. Bxe5 fxe5 52. Rg2 Ke7 53. Rxg7+ Kf6 54. Rxc7 Kxf5 55. Rc6 h5 56. Rxa6 Kg4 57. Re6 e4 58. Re5 Kxh4 59. Kf4 Bb3 60. Rg5 Bc4 61. Rg1 Kh3 62. Rh1+ Kg2 63. Rxh5 Kf2 64. Rh2+ Ke1 65. Ke3 Kd1 66. Rg2 Kc1 67. Kd4 Bb3 68. Kc5 Bc4 69. Kd4 Bb3 70. Ke3 Bc2 71. Rd2 Bd3 72. Rxd3 exd3 73. Kxd3 Kb2 74. Kd4 Kxa3 75. Kxd5 Kb3 76. Kc5 Ka4 77. c4 bxc4 78. Kxc4 1-0